<?xml version="1.0" encoding="UTF-8"?>
<record
    xmlns:xsi="http://www.w3.org/2001/XMLSchema-instance"
    xsi:schemaLocation="http://www.loc.gov/MARC21/slim http://www.loc.gov/standards/marcxml/schema/MARC21slim.xsd"
    xmlns="http://www.loc.gov/MARC21/slim">

  <leader>01061nam a22002177a 4500</leader>
  <controlfield tag="001">85347</controlfield>
  <controlfield tag="003">BD-RjUL</controlfield>
  <controlfield tag="005">20250729100441.0</controlfield>
  <controlfield tag="008">250729s1950    pak||||| |||| 00| 0 urd d</controlfield>
  <datafield tag="035" ind1=" " ind2=" ">
    <subfield code="a">(BD-RjUL)85347</subfield>
  </datafield>
  <datafield tag="040" ind1=" " ind2=" ">
    <subfield code="a">BD-RjUL</subfield>
    <subfield code="b">eng</subfield>
    <subfield code="c">BD-RjUL</subfield>
  </datafield>
  <datafield tag="041" ind1=" " ind2=" ">
    <subfield code="a">urd</subfield>
  </datafield>
  <datafield tag="082" ind1=" " ind2=" ">
    <subfield code="2">23</subfield>
    <subfield code="a">891.43909</subfield>
  </datafield>
  <datafield tag="100" ind1=" " ind2=" ">
    <subfield code="a"> &#x6A9;&#x64A;&#x641;&#x649;&#x60C; &#x628;&#x631;&#x62C;&#x645;&#x648;&#x6C1;&#x646; &#x62F;&#x62A;&#x627;&#x62A;&#x631;&#x64A;&#x6C1;&#x60C; ;;  Kaif&#x12B;., Brijmohan Ditt&#x101;triyah</subfield>
    <subfield code="q">1955-1866</subfield>
    <subfield code="9">16310</subfield>
  </datafield>
  <datafield tag="245" ind1="1" ind2="0">
    <subfield code="a">&#x6A9;&#x64A;&#x641;&#x649;&#x6C1; : &#x627;&#x631;&#x62F;&#x648; &#x632;&#x628;&#x627;&#x646; &#x6A9;&#x649; &#x645;&#x62E;&#x62A;&#x635;&#x631; &#x62A;&#x627;&#x631;&#x649;&#x62E; &#x627;&#x648;&#x631; &#x627;&#x633; &#x6A9;&#x649; &#x627;&#x646;&#x634;&#x627; &#x627;&#x648;&#x631; &#x627;&#x645;&#x644;&#x627; &#x648;&#x63A;&#x649;&#x631;&#x6C1; &#x6A9;&#x6D2; &#x645;&#x62A;&#x639;&#x644;&#x642; &#x6C1;&#x631; &#x642;&#x633;&#x645; &#x6A9;&#x649; &#x636;&#x631;&#x648;&#x631;&#x649; &#x627;&#x648;&#x631; &#x627;&#x6C1;&#x645; &#x627;&#x645;&#x648;&#x631; &#x633;&#x6D2; &#x628;&#x62D;&#x62B; / Kaifiyah : Urd&#x16B; zab&#x101;n k&#x12B; muk&#x332;h&#x332;ta&#x1E63;ar t&#x101;r&#x12B;k&#x332;h&#x332; aur us k&#x12B; insh&#x101; aur iml&#x101; vag&#x332;h&#x332;airah ke muta&#x2BB;alliq har qism ke &#x1E93;ur&#x16B;r&#x12B; aur ahamm um&#x16B;r se ba&#x1E25;s&#x332; /</subfield>
    <subfield code="c">:&#x628;&#x631;&#x62C;&#x645;&#x648;&#x6C1;&#x646; &#x62F;&#x62A;&#x627;&#x62A;&#x631;&#x649;&#x6C1; &#x6A9;&#x64A;&#x641;&#x649;,;;  Brijmohan Ditt&#x101;triyah Kaif&#x12B;.</subfield>
  </datafield>
  <datafield tag="260" ind1=" " ind2=" ">
    <subfield code="a"> L&#x101;haur : </subfield>
    <subfield code="b">Maktubah i Maainul adab ,</subfield>
    <subfield code="c">1950</subfield>
  </datafield>
  <datafield tag="300" ind1=" " ind2=" ">
    <subfield code="a">374 p. ;</subfield>
    <subfield code="c">18 cm</subfield>
  </datafield>
  <datafield tag="650" ind1=" " ind2=" ">
    <subfield code="a">Urdu language </subfield>
    <subfield code="v"> History</subfield>
    <subfield code="9">4425</subfield>
  </datafield>
  <datafield tag="650" ind1=" " ind2=" ">
    <subfield code="a">Urdu philology</subfield>
    <subfield code="9">14123</subfield>
  </datafield>
  <datafield tag="942" ind1=" " ind2=" ">
    <subfield code="2">ddc</subfield>
    <subfield code="c">BK</subfield>
  </datafield>
  <datafield tag="999" ind1=" " ind2=" ">
    <subfield code="c">85347</subfield>
    <subfield code="d">85347</subfield>
  </datafield>
  <datafield tag="952" ind1=" " ind2=" ">
    <subfield code="0">0</subfield>
    <subfield code="1">0</subfield>
    <subfield code="2">ddc</subfield>
    <subfield code="4">0</subfield>
    <subfield code="7">1</subfield>
    <subfield code="8">NFIC</subfield>
    <subfield code="a">RUCL</subfield>
    <subfield code="b">RUCL</subfield>
    <subfield code="c">Reading</subfield>
    <subfield code="d">2025-07-29</subfield>
    <subfield code="l">0</subfield>
    <subfield code="o">U 891.43909 KAK 1950</subfield>
    <subfield code="r">2025-07-29 00:00:00</subfield>
    <subfield code="t">C-1</subfield>
    <subfield code="w">2025-07-29</subfield>
    <subfield code="y">BK</subfield>
  </datafield>
</record>
